000 00318 a2200145 4500
001 154190
040 _cEscola São Tomás de Aquino
100 _aFALCÃO, Adriana
240 1 0 _aA máquina
_lpor
245 1 0 _aA máquina
362 0 _a2001
440 1 _aObjetiva
697 _aLITERATURA BRASILEIRA
942 _cBK
999 _c154190
_d154190